00809cam a22002173a 45000010005000000030006000050050017000110080041000280400015000690420007000840500007000911000040000982450211001382600029003495060030003785160020004086530055004286530039004838300028005228560041005507300PGUSA20140828083143.0050101s2005||||xxu|||||s|||||000 | eng d aPGUSAbeng adc 4aJK1 aJohnson, Helen Kendrick,d1844-191710aWoman and the Republic :bA Survey of the Woman-Suffrage Movement in the United States and a Discussion of the Claims and Arguments of Its Foremost Advocatesh[electronic resource] /cHelen Kendrick Johnson bProject Gutenberg,c2005 aPublic domain in the USA. aElectronic text aWomen -- Legal status, laws, etc. -- United States aWomen -- Suffrage -- United States 0aProject Gutenbergv730040uhttp://www.gutenberg.org/ebooks/7300